书目信息 |
| 题名: |
药理学
|
|
| 作者: | 沈祥春 , 陈晓红 主编 | |
| 分册: | ||
| 出版信息: | 北京 科学出版社 2017.2 |
|
| 页数: | 493页 | |
| 开本: | 26cm | |
| 丛书名: | ||
| 单 册: | ||
| 中图分类: | R96 | |
| 科图分类: | ||
| 主题词: | 药理学--医学院校--教材 | |
| 电子资源: | ||
| ISBN: | 978-7-03-050592-7 | |
| 000 | 00876nam0 2200265 450 | |
| 001 | 0400001226 | |
| 005 | 20171015141156.0 | |
| 010 | @a978-7-03-050592-7@dCNY98.00 | |
| 100 | @a20170427d2017 em y0chiy50 ea | |
| 101 | 0 | @achi |
| 102 | @aCN@b110000 | |
| 105 | @aa z 000yy | |
| 106 | @ar | |
| 200 | 1 | @a药理学@9yao li xue@f沈祥春,陈晓红主编 |
| 210 | @a北京@c科学出版社@d2017.2 | |
| 215 | @a493页@c图@d26cm | |
| 300 | @a普通高等教育“十三五”规划教材 | |
| 300 | @a全国高等医药院校药学类系列规划教材 | |
| 330 | @a本书共五十章,主要内容包括:绪论、药物代谢动力学、药物效应动力学、影响药物作用的因素、传出神经系统药理概论、作用于胆碱能系统药物等内容。 | |
| 606 | 0 | @a药理学@x医学院校@j教材 |
| 690 | @aR96@v5 | |
| 701 | 0 | @a沈祥春@9shen xiang chun@4主编 |
| 701 | 0 | @a陈晓红@9chen xiao hong@4主编 |
| 801 | 0 | @aCN@b91MARC@c20171015 |
| 905 | @b1020519-23@dR96@f5@e113 | |
| 药理学/沈祥春,陈晓红主编.-北京:科学出版社,2017.2 |
| 493页:图;26cm |
| 普通高等教育“十三五”规划教材.-全国高等医药院校药学类系列规划教材 |
| ISBN 978-7-03-050592-7:CNY98.00 |
| 本书共五十章,主要内容包括:绪论、药物代谢动力学、药物效应动力学、影响药物作用的因素、传出神经系统药理概论、作用于胆碱能系统药物等内容。 |
| ● |
| 相关链接 |
|
|
|
|
正题名:药理学
索取号:R96/113
 
预约/预借
| 序号 | 登录号 | 条形码 | 馆藏地/架位号 | 状态 | 备注 |
| 1 | 1020519 | 210205197 | 第二样本阅览室/ [索取号:R96/113] | 在馆 | |
| 2 | 1020520 | 210205204 | 密集书库-生命科学系/ [索取号:R96/113] | 在馆 | |
| 3 | 1020521 | 210205213 | 第三借阅区/ [索取号:R96/113] |
已借出,限还日期为2025.11.25 借出人:王继红 |
|
| 4 | 1020522 | 210205222 | 第三借阅区/ [索取号:R96/113] | 在馆 | |
| 5 | 1020523 | 210205231 | 第三借阅区/ [索取号:R96/113] | 在馆 |